Genshin characters from short clues (V.6.5) - Statistics

General Stats
  • This quiz has been taken 5,277 times
    107 since last reset
  • The average score is 76 of 113
Answer Stats
Clue Character % Correct
Pirate Beidou
92%
Ice Bridge Kaeya
90%
Motorcycle Mavuika
90%
Zombie Qiqi
90%
Wolf Razor
90%
Moon Columbina
88%
Dawn Winery Diluc
88%
Raven Fischl
88%
Bombs Klee
88%
Nun Rosaria
88%
Robot Ineffa
86%
Library Lisa
86%
Surfing Mualani
86%
Justice Neuvillette
86%
Prison Wriothesley
86%
Rock 'n Roll Xinyan
86%
Granny Citlali
84%
Ajaw Kinich
84%
Deer Lauma
84%
Maid Noelle
84%
Lyre Venti
84%
Rollerblades Xilonen
84%
Fireworks Yoimiya
84%
Akademiya Alhaitham
82%
Snake Baizhu
82%
Magician Lyney
82%
Jade Chamber Ningguang
82%
Fashion Chiori
80%
Jokes Cyno
80%
Funeral Hu Tao
80%
Dandelion Knight Jean
80%
Cat Box Kirara
80%
Magic Assistant Lynette
80%
Astrology Mona
80%
White Horse Zibai
80%
Eternity Raiden Shogun
78%
Boba Kamisato Ayato
76%
Spina di Rosula Navia
76%
Snezhnaya Tartaglia
76%
Cooking Xiangling
76%
Kitsune Yae Miko
76%
Dice Yelan
76%
Osmanthus wine Zhongli
76%
Journalist Charlotte
75%
Dragonspine Durin
75%
Perfume Emilie
75%
Diving Freminet
75%
Architect Kaveh
75%
Wisdom Nahida
75%
House of Hearth Arlecchino
73%
Adventure Bennett
73%
Melusine Sigewinne
73%
Hat Wanderer
73%
Outrider Amber
71%
Popsicle Chongyun
71%
Cocogoat Ganyu
71%
Wet Socks Kamisato Ayaka
71%
Detective Shikanoin Heizou
71%
The Abyss Skirk
71%
Eating Varesa
71%
Almond Tofu Xiao
71%
Bartender Diona
69%
Gordon Ramsay Escoffier
69%
Leaves Kaedehara Kazuha
69%
Sleepwalking Layla
69%
Krumkake Aino
67%
Lantern Flins
67%
Actress Furina
67%
Opera Yun Jin
67%
Beans Arataki Itto
65%
Law Yanfei
65%
Church Dahlia
63%
Coach Iansan
63%
Ratnik Illuga
63%
Housekeeping Thoma
63%
Duel Clorinde
61%
Ninja Kuki Shinobu
61%
Curatorium of Secrets Nefer
61%
Bio-Alchemy Sucrose
61%
Musket Chevreuse
59%
Vet Ifa
59%
Tepetlisaur Kachina
59%
Tanuki Sayu
59%
Crossbow Mika
57%
Crane Xianyun
57%
Singing Barbara
55%
Eleazar Collei
55%
Painting Albedo
53%
Vengeance Eula
53%
Bat Ororon
51%
Expedition Varka
51%
Author Xingqiu
51%
Black Market Dori
49%
Sibling Traveler
49%
Divine Priestess Sangonomiya Kokomi
47%
Mushrooms Tighnari
47%
Aaru Village Candace
45%
Peacemaker Chasca
45%
Mercenary Dehya
45%
Wushou Dance Gaming
45%
Expressions Jahoda
45%
Bunny Yaoyao
45%
Auntie Shenhe
43%
Resistance Gorou
41%
Yuheng Keqing
41%
Temple of Silence Sethos
41%
Baku Yumemizuki Mizuki
41%
Army Kujou Sara
39%
Collaboration Aloy
37%
Madam Faruzan
31%
Changeling Linnea
29%
Theater Nilou
27%
Swallow Lan Yan
22%
No matching quizzes found
Score Distribution
Percent of People with Each Score
Percentile by Number Answered
Your Score History
You have not taken this quiz since the last reset